Statistics for Stranger Things Quiz HARD

Click here to take the quiz!

General Stats

  • This quiz has been taken 31 times
  • The average score is 20 of 30

Answer Stats

StatementPerson% Correct
Mike's older sisterNancy Wheeler
100%
The boy who goes missing in season 1Will Byers
100%
Lucas's younger sisters nameErica Sinclair
96%
Will's older brotherJonathan Byers
96%
The person that the boy's find in the woods while searching for Will (number)Eleven
92%
Victor Creel's son in season 4 (actual name)Henry Creel
92%
The character who babysits the kids during most of the showSteve Harrington
92%
The person aboves step-brotherBilly Hargrove
84%
The chief police who gets taken by evil Russians at the very end of season 3Jim Hopper
84%
The new girl in season 2 who joins the gangMax Mayfield
84%
The person who does a guitar solo and plays "Master of Puppets" in season 4Eddie Munson
80%
Dustin's cats name who gets eaten by D'ArtagnanMews
80%
Will's dads nameLonnie Byers
76%
The person who works with the person aboveRobin Buckley
76%
Jonathan's new best friend in season 4Argyle
72%
Nancy's best friend who goes missing in season 1 (full name)Barbara Holland
72%
Joyce's boyfriend in season 2Bob Newby
72%
Dustin's moms nameClaudia Henderson
72%
The person that Eleven calls "Papa" (full name)Martin Brenner
72%
The boy's science teacherScott Clarke
68%
The person who helps Hopper escape the Russians (name on letter)Enzo
60%
The owner of Benny's BurgersBenny Hammond
56%
The Byers dog's nameChester
56%
A former investigative journalist who speaks Russian and helps Joyce with breaking Hopper out of the Russian prisonMurray Bauman
52%
Eleven's sister who she goes to find in season 2Kali Prasad
48%
Dustin's girlfriends nameSuzie Bingham
36%
The sister of the person above who Argyle falls in love withEden Bingham
32%
The person who bullies Eleven in season 4Angela Bremner
8%
Person who is a Russian scientist and likes Cherry Slurpee'sAlexei Smirnoff
4%
Will's dad's new girlfriendCynthia Barrett
4%

Score Distribution

Percentile by Number Answered

Percent of People with Each Score

Your Score History

You have not taken this quiz